[Event "EuTCh w"]
[Site "Plovdiv BUL"]
[Date "2003.10.13"]
[Round "3"]
[White "Hagarova,Z"]
[Black "Mamedjarova,Z"]
[Result "0-1"]
[WhiteElo "2352"]
[BlackElo "2345"]
[EventDate "2003.10.10"]

1. e4 e5 2. Bc4 Nf6 3. d3 Bc5 4. Nc3 a6 5. f4 d6 6. Nf3 Nc6 7. f5 h6 8. Qe2
Bd7 9. a3 Qe7 10. Nd5 Nxd5 11. Bxd5 O-O-O 12. c3 g6 13. fxg6 fxg6 14. b4
Bb6 15. Be3 Bxe3 16. Qxe3 Rdf8 17. a4 Nb8 18. O-O Rf4 19. b5 Rhf8 20. Qa7
c6 21. bxc6 Bxc6 22. Bxc6 Nxc6 23. Qe3 Qc7 24. Rf2 g5 25. Rb2 Na5 26. Rab1
R8f7 27. Qb6 R4f6 28. Qxc7+ Rxc7 29. Rc1 Rc5 30. h3 Rf7 31. c4 Nc6 32. Rb6
Ra5 33. Ra1 Kc7 34. Rab1 Nd8 35. R6b4 Kc6 36. Kf2 Kc7 37. Ke3 Kc8 38. Ra1
Ne6 39. g3 Kc7 40. Ra2 Nc5 41. Nd2 h5 42. Ra1 g4 43. h4 Kc6 44. Ra3 Kc7 45.
Ra1 Rf6 46. Ra3 Rf8 47. Ra1 Rf7 48. Ra3 Kc8 49. Ra1 Kc7 50. Ra3 Ne6 51. Nb3
Rf3+ 52. Kd2 Rc5 53. Nxc5 Nxc5 54. Rb1 Nxe4+ 55. Kc2 Rxg3 56. Rf1 Rg2+ 57.
Kd1 Nc5 58. a5 g3 59. Rc3 Ra2 60. Rg1 g2 61. Rc2 Ra1+ 62. Rc1 Rxc1+ 63.
Kxc1 Nxd3+ 64. Kd2 Nf4 65. Ke3 b6 66. Kf3 Kc6 67. Ra1 Kc5 68. axb6 Kxb6 69.
Kf2 a5 70. Ra2 Kc5 71. Ra4 Kd4 72. Rxa5 Kxc4 73. Ra4+ Kd3 74. Ra1 Ke4 75.
Ra3 d5 76. Re3+ Kf5 77. Rg3 d4 78. Rg5+ Ke4 79. Rg8 d3 80. Rd8 Nd5 81. Ra8
d2 82. Ra1 Nc3 0-1

[Event "EuTCh w"]
[Site "Plovdiv BUL"]
[Date "2003.10.13"]
[Round "3"]
[White "Radziewicz,I"]
[Black "Calzetta,M"]
[Result "1-0"]
[WhiteElo "2423"]
[BlackElo "2274"]
[EventDate "2003.10.10"]

1. d4 Nf6 2. Nc3 d5 3. Bg5 e6 4. e4 dxe4 5. Nxe4 Be7 6. Bxf6 Bxf6 7. Nf3
O-O 8. Nxf6+ Qxf6 9. Bd3 c5 10. Qe2 cxd4 11. Qe4 g6 12. O-O-O Nc6 13. Bb5
Bd7 14. Bxc6 Bxc6 15. Qxd4 Qxd4 16. Rxd4 Bxf3 17. gxf3 Rfc8 18. Rd7 Rab8
19. Rhd1 Kf8 20. R1d4 Ke8 21. c3 Rc5 22. Kd2 a5 23. Kd3 Rh5 24. Rc7 Rxh2
25. Rdd7 Rd8 26. Rxd8+ Kxd8 27. Rxf7 b6 28. Ke3 h5 29. Rf6 Ke7 30. Rxg6 Rh1
31. Rg5 h4 32. b4 h3 33. Rh5 a4 34. Kf4 h2 35. a3 Rc1 36. Rxh2 Rxc3 37. Ke5
Rxa3 38. Rh7+ Kd8 39. Kd6 Kc8 40. Kc6 Rc3+ 41. Kxb6 a3 42. b5 Rxf3 43. Rc7+
Kd8 44. Ra7 e5 45. Kc6 Rc3+ 46. Kb6 Rf3 47. Ra8+ Kd7 48. Kb7 e4 49. Ra4 Kd6
50. Rxe4 a2 51. Ra4 Rxf2 52. b6 Kc5 53. Ka7 Kb5 54. Ra6 1-0

[Event "EuTCh w"]
[Site "Plovdiv BUL"]
[Date "2003.10.13"]
[Round "3"]
[White "Mamedjarova,T"]
[Black "Machalova,M"]
[Result "1-0"]
[WhiteElo "2227"]
[BlackElo "2187"]
[EventDate "2003.10.10"]

1. e4 c5 2. g3 Nc6 3. Bg2 d6 4. d3 g6 5. Ne2 Bg7 6. O-O e6 7. Nbc3 Nge7 8.
f4 O-O 9. Be3 Nd4 10. Bf2 Nec6 11. Rb1 Rb8 12. Nxd4 cxd4 13. Ne2 Qa5 14. a3
a6 15. Be1 Qc7 16. g4 f5 17. exf5 exf5 18. g5 Be6 19. Bf2 d5 20. h4 Bf7 21.
Qd2 Rfe8 22. Ng3 b5 23. b4 Rbc8 24. Ne2 Re7 25. Bf3 Rce8 26. Kg2 Qd6 27.
Rh1 Rc7 28. h5 Rec8 29. Rh2 Nd8 30. hxg6 Bxg6 31. Rc1 Ne6 32. Rh4 Qd8 33.
Kh3 Qd6 34. Ng3 Rc3 35. Nh5 Bh8 36. Ng3 Rxa3 37. Bh5 Bg7 38. Ne2 Ra4 39.
Bf3 a5 40. bxa5 b4 41. Qd1 Rxa5 42. Qg1 Ra2 43. Nxd4 Nxd4 44. Bxd4 Rcxc2
45. Rxc2 Rxc2 46. Bxg7 Kxg7 47. Qd4+ Kf8 48. Kg3 Rc7 49. Rh1 Qc5 50. Qf6+
Ke8 51. Ra1 Kd7 52. Re1 Kc8 53. Qe6+ Kb8 54. Ra1 Rc6 55. Qe5+ Qd6 56. Qd4
Qc5 57. Qe5+ Qd6 58. Qb2 Qc5 59. Qb3 Qc3 60. Qa2 Kc7 61. Qa7+ Kd6 62. Qb8+
Kc5 63. Ra5+ Kd4 64. Qe5+ Kxd3 65. Qe2+ 1-0

[Event "EuTCh w"]
[Site "Plovdiv BUL"]
[Date "2003.10.13"]
[Round "3"]
[White "Srebrnic,A"]
[Black "Sikorova,O"]
[Result "0-1"]
[WhiteElo "2241"]
[BlackElo "2241"]
[EventDate "2003.10.10"]

1. Nf3 Nf6 2. c4 e6 3. Nc3 d5 4. d4 Bb4 5. Bg5 Nbd7 6. cxd5 exd5 7. e3 c5
8. Qc2 Qa5 9. Bd3 c4 10. Bf5 O-O 11. O-O Bxc3 12. bxc3 Re8 13. Bh4 b5 14.
Rab1 g6 15. Bxd7 Nxd7 16. Nd2 Nb6 17. e4 Na4 18. Rbc1 Rb8 19. a3 Qb6 20. f3
a5 21. Rfe1 Bb7 22. Bg3 Ra8 23. Rb1 Qa6 24. Be5 f6 25. Bg3 Nb6 26. e5 f5
27. Bf4 Re6 28. Nf1 Bc6 29. Ng3 Qa7 30. Qc1 Nd7 31. Kh1 Nf8 32. Bh6 Qf7 33.
Ne2 Re7 34. Nf4 Ne6 35. Nxe6 Rxe6 36. h4 Rb8 37. Qd2 Qe7 38. Bg5 Qf8 39.
Rec1 Bd7 40. Bf6 Reb6 41. h5 Qf7 42. Kg1 gxh5 43. Kf2 Qg6 44. Rh1 Kf7 45.
g3 Rg8 46. Bh4 Ke8 47. Rb2 Qf7 48. a4 f4 49. Qxf4 Qxf4 50. gxf4 b4 51. cxb4
axb4 52. a5 Rb5 53. Rhb1 b3 54. Ke3 Rxa5 55. Be1 Ra6 56. Bc3 h4 57. Rh1 h3
58. Rhh2 Bf5 59. Rbe2 Rg1 60. Re1 Rxe1+ 61. Bxe1 Ra2 62. Rxa2 bxa2 63. Bc3
0-1

[Event "EuTCh w"]
[Site "Plovdiv BUL"]
[Date "2003.10.13"]
[Round "3"]
[White "Cedikova,K"]
[Black "Kaps,D"]
[Result "0-1"]
[WhiteElo "2201"]
[BlackElo "2202"]
[EventDate "2003.10.10"]

1. d4 Nf6 2. c4 g6 3. Nc3 Bg7 4. e4 d6 5. f3 Nc6 6. Be3 a6 7. Nge2 Rb8 8.
Qd2 O-O 9. h4 h5 10. Nd5 b5 11. O-O-O bxc4 12. Nxf6+ exf6 13. g4 hxg4 14.
h5 Re8 15. hxg6 fxg6 16. Bh6 g5 17. Nc3 Bxh6 18. Rxh6 Kg7 19. Rh2 Rh8 20.
fxg4 Bxg4 21. Rxh8 Qxh8 22. Be2 Qh5 23. a3 Nxd4 24. Qxd4 Bxe2 25. Rg1 Bd3
26. Nd5 Rf8 27. Nf4 Qh4 28. Ne6+ Kf7 29. Nxc7 Qxe4 30. Qa7 Kg6 31. Nxa6
Qf4+ 32. Kd1 Re8 33. Nb4 Re2 34. Rxg5+ fxg5 0-1

[Event "EuTCh w"]
[Site "Plovdiv BUL"]
[Date "2003.10.13"]
[Round "3"]
[White "Dembo,Y"]
[Black "Hunt,H"]
[Result "1/2-1/2"]
[WhiteElo "2415"]
[BlackElo "2402"]
[EventDate "2003.10.10"]

1. e4 c6 2. d4 d5 3. e5 Bf5 4. Be3 e6 5. Nd2 Nd7 6. c3 c5 7. Ngf3 Bg6 8.
Be2 cxd4 9. cxd4 Ne7 10. O-O Nc6 11. Ne1 f6 12. exf6 Nxf6 13. Ndf3 Bd6 14.
Nd3 Bxd3 15. Bxd3 O-O 16. h3 Qe8 17. Qe2 Qh5 18. Ng5 Qxe2 19. Bxe2 Rae8 20.
Bb5 h6 21. Nf3 Rc8 22. Rac1 Ne7 23. Rxc8 Rxc8 24. Rc1 Rc7 25. Kf1 Nf5 26.
Rxc7 Bxc7 27. Ke2 Nxe3 28. fxe3 1/2-1/2

[Event "EuTCh w"]
[Site "Plovdiv BUL"]
[Date "2003.10.13"]
[Round "3"]
[White "Houska,Jo"]
[Black "Vajda,S"]
[Result "1-0"]
[WhiteElo "2358"]
[BlackElo "2360"]
[EventDate "2003.10.10"]

1. e4 c5 2. Nc3 Nc6 3. g3 g6 4. Bg2 Bg7 5. d3 d6 6. Be3 Nd4 7. Qd2 Qa5 8.
f4 e6 9. Nf3 Ne7 10. O-O Nec6 11. e5 dxe5 12. Nxe5 O-O 13. Qf2 Nxe5 14.
fxe5 Bxe5 15. Ne4 f5 16. c3 Bg7 17. Nd6 Nc6 18. Bxc5 Rd8 19. d4 Qc7 20.
Nxc8 Raxc8 21. Rae1 Qd7 22. Qe2 b6 23. Ba3 Re8 24. Qb5 Kh8 25. Rf2 e5 26.
dxe5 Rxe5 27. Rxe5 Nxe5 28. Qxd7 Nxd7 29. Rd2 Ne5 30. b3 Ng4 31. c4 Re8 32.
h3 Bc3 33. Rd1 Ne3 34. Rd3 Nxg2 35. Rxc3 Re2 36. c5 bxc5 37. Bxc5 f4 38. a4
a6 39. Kf1 Ra2 40. Bf2 fxg3 41. Bxg3 g5 42. Be5+ Kg8 43. Rg3 Nh4 44. Rxg5+
Kf7 45. Rh5 Nf3 46. Bc3 Kg6 47. Ra5 Rc2 48. Rxa6+ Kf5 49. Ba5 Kf4 50. Rf6+
Kg3 51. Be1+ Nxe1 52. Kxe1 Rb2 53. Rb6 h5 54. a5 Ra2 55. a6 h4 56. Rg6+
Kxh3 57. b4 Kh2 58. b5 h3 59. Rg7 Kh1 60. a7 h2 61. b6 1-0

[Event "EuTCh w"]
[Site "Plovdiv BUL"]
[Date "2003.10.13"]
[Round "3"]
[White "Mira,H"]
[Black "Fakhiridou,E"]
[Result "1/2-1/2"]
[WhiteElo "2098"]
[BlackElo "2262"]
[EventDate "2003.10.10"]

1. Nf3 d5 2. d4 Nf6 3. c4 dxc4 4. e3 e6 5. Bxc4 c5 6. O-O a6 7. Bb3 cxd4 8.
exd4 Be7 9. Nc3 Nc6 10. d5 exd5 11. Nxd5 Nxd5 12. Qxd5 Be6 13. Qxd8+ Nxd8
14. Bxe6 Nxe6 15. Be3 Bf6 16. Rac1 O-O 17. b3 Rfd8 18. Rfd1 Rac8 19. Kf1
Rxc1 20. Rxc1 g5 21. g4 Kg7 22. Nd2 Be5 23. Ne4 Kg6 24. Nc5 Nxc5 25. Rxc5
f6 26. h3 h5 27. Ke2 h4 28. a4 Rd7 29. b4 Bd4 30. Rc4 Bxe3 31. fxe3 Kf7 32.
b5 axb5 33. axb5 Ke6 34. Kf3 Rd5 35. Rb4 Rd2 36. Re4+ Kd6 37. Rd4+ Rxd4 38.
exd4 Kd5 39. Ke3 Kc4 40. Ke4 Kxb5 41. Kd5 f5 42. gxf5 g4 43. f6 gxh3 44. f7
h2 45. f8=Q h1=Q+ 1/2-1/2

[Event "EuTCh w"]
[Site "Plovdiv BUL"]
[Date "2003.10.13"]
[Round "3"]
[White "Koskoska,G"]
[Black "Petrenko,S"]
[Result "0-1"]
[WhiteElo "2240"]
[BlackElo "2331"]
[EventDate "2003.10.10"]

1. e4 c5 2. Nc3 Nc6 3. f4 g6 4. Nf3 Bg7 5. Bb5 Nd4 6. Bd3 Nh6 7. O-O O-O 8.
Kh1 b6 9. Nxd4 cxd4 10. Ne2 Bb7 11. Qe1 f5 12. Ng3 e6 13. exf5 exf5 14.
Bc4+ Kh8 15. Ne2 Qc7 16. Bd3 Rfe8 17. h3 Ng8 18. Qf2 Nf6 19. b3 Ne4 20.
Bxe4 Rxe4 21. d3 Ree8 22. Nxd4 Qc3 23. Be3 Rxe3 24. Qxe3 Bxd4 25. Qe2 Qc6
26. Rac1 d6 27. c3 Re8 28. Qb2 Bf6 29. d4 Re3 30. Kh2 Qe4 31. Rc2 Qd3 32.
Rff2 Bh4 33. Rfe2 Rxh3+ 0-1

[Event "EuTCh w"]
[Site "Plovdiv BUL"]
[Date "2003.10.13"]
[Round "3"]
[White "Schuurman,P"]
[Black "Jiretorn,E"]
[Result "0-1"]
[WhiteElo "2263"]
[BlackElo "2136"]
[EventDate "2003.10.10"]

1. d4 d5 2. c4 c6 3. Nc3 dxc4 4. e3 b5 5. a4 b4 6. Ne4 Qd5 7. Ng3 Nf6 8.
Qc2 Ba6 9. Nf3 b3 10. Qc3 c5 11. Be2 Nc6 12. O-O e6 13. e4 Nxe4 14. Nxe4
cxd4 15. Qe1 Qxe4 16. Nd2 Qd5 17. Nxb3 Ne5 18. Bf4 Bb7 19. f3 d3 20. Bd1
Ng6 21. Be3 cxb3 22. Qc3 Rc8 23. Bxb3 Rxc3 24. Bxd5 Rc7 25. Bxb7 Rxb7 26.
Rac1 Bb4 27. Rfd1 Rd7 28. Rc4 a5 29. Bd2 Bxd2 30. Rxd2 Ke7 31. Rc5 Ra8 32.
g3 Rd4 33. b3 Kd6 34. Rb5 Ne5 35. Kf2 Nc6 36. Ke3 e5 37. Rb7 Ra7 38. Rb5 f6
39. h4 h5 40. Rb6 Kc7 41. Rb5 Rb7 42. Rxb7+ 0-1

[Event "EuTCh w"]
[Site "Plovdiv BUL"]
[Date "2003.10.13"]
[Round "3"]
[White "Koskela,N"]
[Black "Medic,Mir"]
[Result "1/2-1/2"]
[WhiteElo "2280"]
[BlackElo "2271"]
[EventDate "2003.10.10"]

1. e4 e6 2. d3 d5 3. Nd2 Nf6 4. Ngf3 b6 5. c3 a5 6. Be2 Be7 7. O-O Ba6 8.
e5 Nfd7 9. Qa4 O-O 10. Re1 c5 11. Bf1 Re8 12. h4 Nf8 13. Qg4 f5 14. exf6
Bxf6 15. d4 cxd4 16. cxd4 Nc6 17. a3 e5 18. Bxa6 Rxa6 19. dxe5 Nxe5 20.
Nxe5 Bxe5 21. Nf3 Bf6 22. Bg5 b5 23. Qf5 Rxe1+ 24. Rxe1 b4 25. Rc1 Bxg5 26.
Rc8 Rf6 27. Rxd8 Rxf5 28. Nxg5 Rf6 29. Rxd5 h6 30. Ne4 Re6 31. f3 bxa3 32.
bxa3 Ra6 33. a4 Ng6 34. g3 Ne7 35. Rc5 Nc6 36. Kf2 Rb6 37. Rb5 Ra6 38. Nc5
Ra7 39. Rb6 Ne5 40. f4 Nc4 41. Rb5 Kf7 42. Nb7 Kg8 43. Ke2 Na3 44. Rb3 Nc2
45. Rb6 Ra8 46. Kd3 Nb4+ 47. Kd4 Nc2+ 48. Kc5 Re8 49. Nd6 Re3 50. Rb8+ Kh7
51. Nf5 Rc3+ 52. Kd6 Kg6 53. Ne7+ Kh5 54. Rb5+ Kg4 55. Rxa5 Ne3 56. Ra7
Kxg3 57. a5 Kxh4 58. a6 Kg4 59. Rb7 Ra3 60. a7 h5 61. Nc6 Nf5+ 62. Ke5 h4
63. Rb8 h3 64. a8=Q Rxa8 65. Rxa8 h2 66. Ra1 Ng3 67. Nd4 h1=Q 68. Rxh1 Nxh1
69. Ne6 g6 70. Nf8 Nf2 1/2-1/2

[Event "EuTCh w"]
[Site "Plovdiv BUL"]
[Date "2003.10.14"]
[Round "4"]
[White "Hunt,H"]
[Black "Zhukova,N"]
[Result "0-1"]
[WhiteElo "2402"]
[BlackElo "2452"]
[EventDate "2003.10.10"]

1. e4 e6 2. d4 d5 3. Nd2 Nf6 4. e5 Nfd7 5. c3 c5 6. Bd3 Nc6 7. Ne2 cxd4 8.
cxd4 f6 9. exf6 Nxf6 10. Nf3 Bd6 11. O-O Qc7 12. Bg5 O-O 13. Rc1 Kh8 14.
Bb1 Bd7 15. Re1 Rae8 16. Qd3 Bc8 17. Nc3 Qf7 18. Bh4 Qh5 19. Ne2 Ne4 20.
Ng3 Bxg3 21. Bxg3 Bd7 22. a3 Re7 23. Bc2 Ref7 24. Qe3 Rxf3 25. gxf3 Rxf3
26. Bd1 Rxe3 27. Bxh5 Rxe1+ 28. Rxe1 Nxg3 29. hxg3 g6 30. Bd1 Nxd4 31. f4
h5 32. Kf2 Kg7 33. Re3 Kf6 34. b4 Bb5 35. g4 hxg4 36. Bxg4 Bd7 37. Rh3 a6
38. Ke3 Nb5 39. Kd2 Nd6 40. Kd3 Nf7 41. Rh7 Bc6 42. Kd4 Nd6 43. Rh3 Nc4 44.
Rf3 Nd2 45. Rh3 Ne4 46. Rh8 Nd6 47. Rf8+ Ke7 48. Rh8 Kf6 49. Rf8+ Ke7 50.
Rh8 Nf7 51. Rh3 g5 52. Re3 Bd7 53. fxg5 Nxg5 54. Kc5 Ne4+ 55. Kb6 Bc6 56.
a4 Bxa4 57. Kxb7 Bb5 58. Be2 Nd6+ 59. Kb6 Nf5 60. Bxb5 Nxe3 61. Bxa6 Kd6
62. Ka5 d4 63. Bd3 Nd5 64. b5 Kc5 65. Bf1 e5 66. Bd3 Nb6 67. Ka6 Na4 68.
Bc2 Nb6 69. Bd3 Nc8 70. Bf5 Nd6 71. b6 Kd5 72. Ka7 Nxf5 73. b7 Ne7 0-1

[Event "EuTCh w"]
[Site "Plovdiv BUL"]
[Date "2003.10.14"]
[Round "4"]
[White "Gaponenko,I"]
[Black "Houska,Jo"]
[Result "0-1"]
[WhiteElo "2409"]
[BlackElo "2358"]
[EventDate "2003.10.10"]

1. e4 c6 2. d4 d5 3. Nc3 dxe4 4. Nxe4 Bf5 5. Ng3 Bg6 6. h4 h6 7. Nf3 Nd7 8.
Bd3 Bxd3 9. Qxd3 e6 10. Bd2 Ngf6 11. c4 Bd6 12. Ne4 Nxe4 13. Qxe4 Nf6 14.
Qe2 Qe7 15. a3 Rd8 16. b4 O-O 17. Ne5 a5 18. g4 Bc7 19. g5 Rxd4 20. gxf6
Qxf6 21. f4 Qf5 22. O-O-O Re4 23. Qd3 Rxe5 24. Qd7 Re4 25. Qxc7 Rxc4+ 26.
Kb2 Qc2+ 27. Ka1 Qb3 28. Rc1 Qxa3+ 29. Kb1 Qb3+ 30. Ka1 Rd4 31. Rh2 axb4
32. Qa5 Rd5 33. Rb1 Qg3 0-1

[Event "EuTCh w"]
[Site "Plovdiv BUL"]
[Date "2003.10.14"]
[Round "4"]
[White "Mkrtchian,L"]
[Black "Agababean,N"]
[Result "1-0"]
[WhiteElo "2413"]
[BlackElo "2252"]
[EventDate "2003.10.10"]

1. d4 c5 2. d5 Nf6 3. Nc3 d6 4. e4 g6 5. Nf3 Bg7 6. Bb5+ Bd7 7. a4 O-O 8.
O-O Bg4 9. Re1 a6 10. Bf1 b6 11. h3 Bc8 12. Bg5 h6 13. Bf4 Kh7 14. Qd2 Nfd7
15. Rad1 Ne5 16. Nh2 f6 17. Bg3 Bd7 18. f4 Nf7 19. Nf3 Qc7 20. Qe3 Ra7 21.
e5 dxe5 22. fxe5 fxe5 23. Bd3 Bf5 24. Bxf5 gxf5 25. Nxe5 Nd6 26. Bf4 Qc8
27. h4 Rb7 28. h5 b5 29. b3 b4 30. Ne2 Rc7 31. Nc4 Qd8 32. Qg3 Rd7 33. Qg6+
Kh8 34. Be5 Rf6 35. Bxf6 exf6 36. Nxd6 1-0

[Event "EuTCh w"]
[Site "Plovdiv BUL"]
[Date "2003.10.14"]
[Round "4"]
[White "Petrenko,S"]
[Black "Danielian,E"]
[Result "0-1"]
[WhiteElo "2331"]
[BlackElo "2400"]
[EventDate "2003.10.10"]

1. e4 e6 2. d4 d5 3. exd5 exd5 4. Nf3 Nf6 5. Bd3 Bd6 6. O-O O-O 7. Bg5 Bg4
8. Nbd2 Nbd7 9. c4 dxc4 10. Nxc4 Be7 11. Ne3 Bh5 12. Nf5 Re8 13. Nxe7+ Qxe7
14. Bf5 Qd6 15. Qd3 Bg6 16. Bxg6 hxg6 17. Rfe1 Qd5 18. b3 c6 19. h3 Ne4 20.
Bc1 Re6 21. Bb2 Rae8 22. Re3 Nd6 23. Rae1 Nf5 24. Rxe6 Rxe6 25. Rxe6 Qxe6
26. Qc3 Qd5 27. Qe1 Nf6 28. Qb4 Nd6 29. Ba3 Nfe4 30. Ne5 a5 31. Qb6 Nf5 32.
Bb2 Ned6 33. Qd8+ Kh7 34. g4 Nxd4 35. Bxd4 Qxd4 36. Qh4+ Kg8 37. Qd8+ Kh7
38. Nd7 f6 39. Nf8+ Kh6 40. Ne6 Qd1+ 41. Kh2 Kh7 42. g5 Qd2 43. Nf8+ Kg8
44. Nxg6+ Kf7 45. Nh8+ Ke6 46. Qb6 Qf4+ 47. Kg2 Qxg5+ 0-1

[Event "EuTCh w"]
[Site "Plovdiv BUL"]
[Date "2003.10.14"]
[Round "4"]
[White "Nill,J"]
[Black "Lomineishvili,M"]
[Result "1/2-1/2"]
[WhiteElo "2265"]
[BlackElo "2400"]
[EventDate "2003.10.10"]

1. d4 Nf6 2. c4 e6 3. Nc3 Bb4 4. e3 O-O 5. Nge2 d5 6. a3 Be7 7. cxd5 Nxd5
8. Bd2 Nxc3 9. Bxc3 b6 10. Ng3 Bb7 11. Qc2 Nd7 12. Bd3 g6 13. Be4 Bxe4 14.
Nxe4 Nf6 15. Nxf6+ Bxf6 16. O-O Qd5 17. Rad1 Rfd8 18. Qe2 a5 19. h3 a4 20.
Rd2 Bg7 21. Rfd1 c6 22. Bb4 Qe4 23. Rc1 e5 24. dxe5 c5 25. Bc3 Bxe5 26.
Bxe5 Qxe5 27. Rcd1 Rxd2 28. Rxd2 Qe8 29. Qc4 Rc8 30. Qa6 b5 31. Qb7 b4 32.
Rd7 Rb8 33. Qc7 Rc8 34. Qb7 Rb8 35. Qc7 Rc8 36. Qb7 1/2-1/2

[Event "EuTCh w"]
[Site "Plovdiv BUL"]
[Date "2003.10.14"]
[Round "4"]
[White "Maric,A"]
[Black "Radziewicz,I"]
[Result "0-1"]
[WhiteElo "2433"]
[BlackElo "2423"]
[EventDate "2003.10.10"]

1. Nf3 g6 2. c4 Bg7 3. d4 c5 4. e4 Qb6 5. dxc5 Qxc5 6. Be2 d6 7. O-O Nc6 8.
a3 Qa5 9. Ra2 Bg4 10. b4 Qd8 11. Bb2 Bxb2 12. Rxb2 Nf6 13. Nd4 Bd7 14. Nc3
O-O 15. Nc2 Qb6 16. Ne3 Be6 17. Ncd5 Bxd5 18. Nxd5 Nxd5 19. exd5 Ne5 20.
Qd2 Rac8 21. Rc1 Qc7 22. Rb3 b6 23. Re3 Rfe8 24. f4 Nd7 25. Re1 Nf6 26. Qd4
Qd7 27. Bd3 Qg4 28. Rg3 Qh4 29. Bc2 e5 30. dxe6 Rxe6 31. Qd2 0-1

[Event "EuTCh w"]
[Site "Plovdiv BUL"]
[Date "2003.10.14"]
[Round "4"]
[White "Zielinska,Mar"]
[Black "Bojkovic,N"]
[Result "1/2-1/2"]
[WhiteElo "2429"]
[BlackElo "2408"]
[EventDate "2003.10.10"]

1. d4 Nf6 2. Bg5 e6 3. e4 h6 4. Bxf6 Qxf6 5. Nc3 Bb4 6. Qd2 c5 7. e5 Qd8 8.
d5 O-O 9. f4 exd5 10. Qxd5 Qa5 11. Nge2 Nc6 12. a3 d6 13. exd6 Bg4 14. Kf2
Be6 15. Qh5 c4 16. Qxa5 Bxa5 17. Rd1 Bf5 18. Kf3 Bxc2 19. Rd2 Bd3 20. Nc1
Nd4+ 21. Kg4 Bf5+ 22. Kg3 Nb3 23. Nxb3 cxb3 24. Bd3 Bd7 25. Be4 Rab8 26.
Bd5 Rbc8 27. Rc1 Rfe8 28. Re2 Rxe2 29. Nxe2 Re8 30. Kf3 h5 31. h3 Bb6 32.
Rc3 Bb5 33. Ng3 g6 34. Rxb3 Ba4 35. Rd3 Kg7 36. Ne4 Bb5 37. Rb3 Ba4 38. Rd3
Bb5 39. Rb3 Ba4 40. Rd3 1/2-1/2

[Event "EuTCh w"]
[Site "Plovdiv BUL"]
[Date "2003.10.14"]
[Round "4"]
[White "Skripchenko,A"]
[Black "Yildiz,B"]
[Result "1-0"]
[WhiteElo "2460"]
[BlackElo "2131"]
[EventDate "2003.10.10"]

1. e4 d5 2. exd5 Qxd5 3. Nc3 Qa5 4. d4 Nf6 5. Nf3 Bf5 6. Bd2 c6 7. Bc4 e6
8. Nd5 Qd8 9. Nxf6+ gxf6 10. c3 Nd7 11. Nh4 Bg6 12. Qf3 Qc7 13. Qh3 Bg7 14.
O-O O-O-O 15. b4 Kb8 16. a4 e5 17. Nf5 Bxf5 18. Qxf5 Nb6 19. Bb3 Qd7 20.
Qf3 Nc8 21. Rfd1 Nd6 22. b5 e4 23. Qg3 Rhg8 24. bxc6 bxc6 25. Qh4 Qf5 26.
Qf4 Qg6 27. g3 f5 28. a5 Bf6 29. Rab1 Kc7 30. a6 Bg5 31. Qe5 Bxd2 32. Bxf7
1-0

[Event "EuTCh w"]
[Site "Plovdiv BUL"]
[Date "2003.10.14"]
[Round "4"]
[White "Cinar,N"]
[Black "Lallemand,R"]
[Result "1/2-1/2"]
[WhiteElo "2084"]
[BlackElo "2289"]
[EventDate "2003.10.10"]

1. e4 c5 2. Nf3 e6 3. d4 cxd4 4. Nxd4 a6 5. c4 Nf6 6. Nc3 Qc7 7. Bd3 d6 8.
O-O b6 9. Be3 Bb7 10. Rc1 Be7 11. f4 Nbd7 12. Qf3 O-O 13. b3 Rfe8 14. Bb1
Nc5 15. f5 Bf8 16. fxe6 fxe6 17. Bg5 Ncd7 18. Qh3 Qc5 19. Be3 Qh5 20. Qg3
Qe5 21. Qh3 Qh5 22. Qg3 Qe5 23. Qf3 Nc5 24. Nde2 Qh5 25. Qxh5 Nxh5 26. b4
Nd7 27. Na4 Nhf6 28. Ng3 d5 29. Nxb6 Nxb6 30. Bxb6 Bxb4 31. cxd5 exd5 32.
Rc7 Re7 33. Rxe7 Bxe7 34. e5 Nd7 35. Bd4 Bc5 36. Bxc5 Nxc5 37. Bf5 Re8 38.
Rc1 Ne6 39. Rb1 Bc8 40. Rb6 Kf7 41. Ne2 g6 42. Bh3 Nc5 43. Bxc8 Rxc8 44.
Rd6 a5 45. Rxd5 a4 46. Kf2 1/2-1/2

[Event "EuTCh w"]
[Site "Plovdiv BUL"]
[Date "2003.10.14"]
[Round "4"]
[White "Vajda,S"]
[Black "Raeva,E"]
[Result "1-0"]
[WhiteElo "2360"]
[BlackElo "2174"]
[EventDate "2003.10.10"]

1. e4 c5 2. c3 d5 3. exd5 Qxd5 4. d4 Nc6 5. Nf3 Bg4 6. dxc5 Qxd1+ 7. Kxd1
e5 8. b4 e4 9. h3 Bxf3+ 10. gxf3 exf3 11. Kc2 O-O-O 12. Bf4 Nge7 13. Nd2
Nd5 14. Bg3 g6 15. Rb1 f5 16. b5 Na5 17. Be5 Rg8 18. Bd4 Bg7 19. Nxf3 b6
20. c6 Nf4 21. Bxg7 Rxg7 22. Re1 Rc7 23. Nd4 Kb8 24. h4 Nb7 25. h5 Nc5 26.
hxg6 hxg6 27. Rh4 Nd5 28. Bc4 Nf6 29. f3 Ne8 30. Rh8 Rcc8 31. Bf7 Nc7 32.
Rxd8 Rxd8 33. Bxg6 f4 34. Re7 Rh8 35. Bd3 Nd5 36. Rh7 Rg8 37. Be2 Re8 38.
Rf7 Re7 39. Rf8+ Kc7 40. Ra8 Ne3+ 41. Kd2 Kd6 42. Nc2 Nxc2 43. Rd8+ Kc7 44.
Ra8 Ne3 45. Rxa7+ Kd6 46. Ra8 Nd5 47. Rd8+ Ke5 48. Rb8 Na4 49. c4 Ndc3 50.
Bd3 Rg7 51. Bc2 Rg2+ 52. Kd3 Rg7 53. Ra8 Rg3 54. c7 Rxf3+ 55. Kd2 Rf2+ 56.
Ke1 Rxc2 57. c8=Q Nb2 58. Qh8+ 1-0

[Event "EuTCh w"]
[Site "Plovdiv BUL"]
[Date "2003.10.14"]
[Round "4"]
[White "Fakhiridou,E"]
[Black "Jelica,M"]
[Result "1-0"]
[WhiteElo "2262"]
[BlackElo "2236"]
[EventDate "2003.10.10"]

1. e4 c5 2. Nf3 d6 3. d4 cxd4 4. Nxd4 Nf6 5. Nc3 Bd7 6. Be3 Nc6 7. f3 g6 8.
Qd2 Bg7 9. O-O-O O-O 10. Kb1 Nxd4 11. Bxd4 Be6 12. g4 Qc7 13. Nd5 Bxd5 14.
exd5 Nd7 15. Bxg7 Kxg7 16. h4 h6 17. f4 Rac8 18. h5 Nf6 19. hxg6 fxg6 20.
Bh3 Qb6 21. Rde1 Rc7 22. g5 hxg5 23. fxg5 Nh5 24. Rhf1 Rxf1 25. Rxf1 Ng3
26. Re1 Qc5 27. Be6 Nf5 28. Qh2 Qc4 29. Bxf5 gxf5 30. Qh6+ Kg8 31. Qg6+ Kf8
32. Qxf5+ Ke8 33. g6 Qh4 34. Rf1 Qf6 35. Qd3 Qe5 36. Qf3 Rc8 37. Qg4 Kd8
38. Rf8+ Kc7 39. Rxc8+ Kb6 40. Qb4+ Ka6 41. a4 1-0

[Event "EuTCh w"]
[Site "Plovdiv BUL"]
[Date "2003.10.14"]
[Round "4"]
[White "Medic,Mir"]
[Black "Botsari,A"]
[Result "1/2-1/2"]
[WhiteElo "2271"]
[BlackElo "2394"]
[EventDate "2003.10.10"]

1. d4 d5 2. Nf3 Nc6 3. Nbd2 Bg4 4. b3 e6 5. Bb2 Nf6 6. e3 Ne4 7. a3 f5 8.
Be2 Bd6 9. Ne5 Bxe2 10. Qxe2 Bxe5 11. dxe5 O-O 12. O-O Qh4 13. Rad1 a6 14.
Nf3 Qh6 15. c4 Ne7 16. Nd4 c5 17. Nc2 Rfd8 18. f3 Ng5 19. a4 Nc6 20. Rd2
Rd7 21. Rfd1 Rad8 22. Ne1 Nf7 23. cxd5 exd5 24. Nd3 b6 25. e6 Qxe6 26. Nf4
Qe8 27. Nxd5 Na5 28. Nxb6 Rxd2 29. Rxd2 Nxb3 30. Rxd8 Qxd8 31. Qxa6 Qd1+
32. Kf2 Qc2+ 33. Qe2 Nd2 34. Ba1 Nd6 35. a5 c4 36. Nd5 Nb5 37. Be5 Kf7 38.
a6 Ke6 39. Nb4 Qc1 40. Bxg7 Nb3 41. Bd4 Kd7 42. a7 N3xd4 43. exd4 Nxa7 44.
Nd5 Nc6 45. Nf6+ Kd6 1/2-1/2

[Event "EuTCh w"]
[Site "Plovdiv BUL"]
[Date "2003.10.14"]
[Round "4"]
[White "Mamedjarova,T"]
[Black "Turauskiene,R"]
[Result "0-1"]
[WhiteElo "2227"]
[BlackElo "2218"]
[EventDate "2003.10.10"]

1. e4 d5 2. exd5 Nf6 3. d4 Nxd5 4. Nf3 g6 5. Bc4 Bg7 6. O-O O-O 7. Nc3 c6
8. Bxd5 cxd5 9. Bf4 Nc6 10. Ne5 f6 11. Nxc6 bxc6 12. Re1 Re8 13. Qd2 e5 14.
dxe5 fxe5 15. Bg5 Qb6 16. Rab1 Bf5 17. Ne2 Qc5 18. Rbc1 Qf8 19. Qc3 Rab8
20. Qa5 Qf7 21. Ng3 Be6 22. Bd2 e4 23. c3 c5 24. Qa3 Qb7 25. Rb1 Bf7 26. b4
cxb4 27. Rxb4 Qc7 28. Ra4 Bf8 29. Qc1 Bc5 30. Qd1 Qe5 31. Qe2 Be6 32. Kh1
Bd7 33. Ra5 Bb6 34. Ra3 Qf6 35. Rf1 h5 36. Kg1 h4 37. Nh1 h3 38. Be3 hxg2
39. Kxg2 Qh4 40. Rb1 Bg4 41. Qd2 Bh3+ 42. Kg1 Qg4+ 43. Ng3 Qf3 44. Qxd5+
Re6 0-1

[Event "EuTCh w"]
[Site "Plovdiv BUL"]
[Date "2003.10.14"]
[Round "4"]
[White "Ciuksyte,D"]
[Black "Mamedjarova,Z"]
[Result "1-0"]
[WhiteElo "2295"]
[BlackElo "2345"]
[EventDate "2003.10.10"]

1. e4 e5 2. Nf3 Nf6 3. d4 Nxe4 4. Bd3 Nc6 5. dxe5 d5 6. exd6 Nxd6 7. Nc3
Qe7+ 8. Be2 Bg4 9. Bg5 f6 10. Be3 O-O-O 11. Nd4 Bxe2 12. Qxe2 Nxd4 13. Bxd4
Qxe2+ 14. Nxe2 Re8 15. h4 Nf5 16. Bc3 Bc5 17. Kf1 Re4 18. h5 Rhe8 19. Re1
Bb4 20. Bxb4 Rxb4 21. b3 Rbe4 22. c3 c5 23. Rh3 Kc7 24. Rd3 R8e7 25. Rd5
R7e5 26. Rxe5 Rxe5 27. Rd1 Nd6 28. Nf4 Kc6 29. c4 a6 30. Re1 Ne4 31. f3
Ng3+ 32. Kf2 Rxe1 33. Kxe1 Kd6 34. Kf2 Nf5 35. Nd3 h6 36. g4 Nd4 37. Ke3 b6
38. Ke4 Ne2 39. Kf5 Ke7 40. Kg6 Kf8 41. Kf5 Kf7 42. b4 cxb4 43. Nxb4 b5 44.
c5 a5 45. c6 Ke7 46. Nd5+ Kd6 47. c7 Kd7 48. Kg6 b4 49. Kxg7 Nc3 50. Nxf6+
Kxc7 51. g5 a4 52. gxh6 b3 53. axb3 a3 54. h7 a2 55. h8=Q a1=Q 56. Qe8 Qg1+
57. Kf7 Qg5 58. Qe7+ Kc6 59. Qd7+ Kc5 60. Qc7+ 1-0